| 000 | 00331 a2200121 4500 | ||
|---|---|---|---|
| 001 | 91623 | ||
| 082 | _aPR 1604 | ||
| 090 |
_c43778 _d43777 |
||
| 100 | _aAamir Khalil; Prof faraz Ahmed and Omer Bashir, Advisors | ||
| 245 |
_aMicrocontroller Based Controller for UAV _n52 "B" EC |
||
| 260 |
_aRawalpindi _bNUST _c2000 |
||
| 300 | _a54p | ||
| 942 |
_aCAE NUST _kPR 1604 |
||
| 999 |
_c326696 _d326696 |
||